MDQL
is popping MORE tags! Check the
thread
!
Quizzes
Events
Quiz Creation
Community
Videos
Private Events
Remove Ads
Sign In
Join for FREE
Feedback
Dark Mode
Quiz Categories
Sports
Geography
Music
Movies
Television
Just For Fun
Miscellaneous
History
Literature
Language
Science
Gaming
Entertainment
Religion
Holiday
For Kids
Quiz Lab
Recent
Popular Today
Quiz Kudos Today
Editor Picks
Curator Picks
Quizzes by...
Day
Popularity
Type
Ratings
Length
Year
Community
Subscriptions
Recent Discussions
Orange Saloon
Badges
Playlists
Quests
Create
Leaderboards
Showdown
Live 5
Trivia Bingo
Activity
Puzzle Library
Sporcle Events
Private Events
Virtual Trivia
Globe League
Become a Host
Pub Owners
SporcleCon
Opinionation
Our Games
Videos
Blog
Mobile Apps
Partnerships
Remove Ads and Go Orange
Feedback
Science
Computer
Plants
Astronomy
Chemistry
Elements
Math
Animal
Physics
Anatomy
Biology
Geology
General Science
Science
Computer
Plants
Astronomy
Chemistry
Elements
Math
Animal
Physics
Anatomy
Biology
Geology
General Science
Random Quiz
Search Sporcle
×
Quiz Lab
Quiz Lab
Science
introduction
Type in answers that appear in a list
Type in answers that appear in a list
Classic
Best Score? Go Orange.
Introduction to Anthropology Stats
Can you name the Introduction to Anthropology
By
frankevangelista
10m
21 Questions
83 Plays
83 Plays
83 Plays
Comments
Comments
Give Quiz Kudos
Give Quiz Kudos
-
- Ratings
hide this ad
Replay
Link that replays current quiz
Next Quiz
Link to next quiz in quiz playlist
You Got
0%
They Got
Avg Score
33%
Avg Friend Score
Upgrade to see
Score Distribution
Jump to the score distribution portion of the page
Score
0/21
Timer
10:00
0
Plays Today
Hint
Answer
% Correct
One of three African Apes
Gorilla
79.5%
One of three African Apes
Chimpanzee
73.5%
One of two Asian Ape Categories
Orangutan
66.3%
One of 11 Genus/
Species combinations
Homo Sapiens
60.2%
One of three African Apes
Bonobo
59%
One of five major categories of primates
Apes
45.8%
One of 11 Genus/
Species combinations
Homo Erectus
45.8%
One of 11 Genus/
Species combinations
Homo Habilis
39.8%
One of two Asian Ape categories
Gibbon
33.7%
One of five major categories of primates
Old World Monkeys
30.1%
One of five major categories of primates
New World Monkeys
30.1%
Hint
Answer
% Correct
One of five major categories of primates
Prosimians
22.9%
One of 11 Genus/
Species combinations
Australopithecus Afarensis
20.5%
One of 11 Genus/
Species combinations
Homo Neanderthalensis
20.5%
One of 11 Genus/
Species combinations
Australopithecus Africanus
16.9%
One of five major categories of primates
Hominids
13.3%
One of 11 Genus/
Species combinations
Homo Heidelbergensis
13.3%
One of 11 Genus/
Species combinations
Paranthropus Boisei
10.8%
One of 11 Genus/
Species combinations
Homo Rudolfensis
8.4%
One of 11 Genus/
Species combinations
Paranthropus Robustus
7.2%
One of 11 Genus/
Species combinations
Ardipithecus Ramidus
6%
Quiz Playlist
Details
Report
Send in Message
Add To Playlist
Classic:
Type in answers that appear in a list
Last Updated: Feb 16, 2017
Quiz Scoreboard
CHALLENGE
Sign Up to Join the Scoreboard
Show All
Scores
Hide
Comments
May contain spoilers
Recently Published
1-10 Letter E Words III
by El_Dandy
Language
2m
Street Fighter Characters
by Artimus82
Gaming
60s
College Basketball Coaching Resumes
by pancakes188
Sports
9m
More to Explore
Quiz From the Vault
Featured Blog Post
Where Did the Easter Bunny Come From?
hide this ad
You Might Also Like...
Tags
Anthropology
introduction
Today's Top Quizzes in Science
Browse Science
hide this ad
Today's Top Quizzes in introduction
Browse introduction
Top Contributed Quizzes in Science
1
Quick Pick: Radians
2
The First 100 Digits of Pi
3
Quick Pick: 'CI-CJ' Animals
4
Elements In Images
5
perfect squares 1-25
6
One Thing in Common: Science
7
One Thing in Common: Science II
8
One Thing in Common: Animals
9
One Thing in Common: Science III
10
Science Jokes
Explore More
Trending Topics
Anime
Marvel
NBA
Harry Potter
Crossword
Disney
Kpop
Pokémon
The Office
WWE
Puzzle
Soccer
Song
NFL
Country
hide this ad
More By:
frankevangelista
Quiz
Plays
Rating
Category
Featured
Created
GRE List 1
88
Language
Oct 11, 2013
Introduction to Anthropology
83
Science
Sep 12, 2013
French Vocab 1
36
3.00
Language
Oct 11, 2013
Marketing Key Terms
9
Just For Fun
Oct 2, 2013
Go to Creator's Profile
Score Distribution
Quiz Creator Spotlight
frankevangelista
Follow
Send a Message
Quizzes Created
-
Created Quiz Play Count
-
More By This Creator
Popular Quizzes Today
1
Find the US States - No Outlines Minefield
2
Find the Countries of Europe - No Outlines Minefield
3
The Countries of the World
4
Find the US States
5
Risky Map Clicking: Biggest States A-Z
6
US States
7
Popular People in 1961
8
Movies - When Are They Set?
More Science Quizzes
Bony Triplets
Published
Trending Quizzes
Risky Map Clicking: Least Populous States A-Z
Billboard Blitz: Aretha Franklin
Famous Russians: Author or Composer?
1-10 Letter G Words
Countries of the World: 200 Million BC
Recently Updated
Leaping Animals
pecheneg
Reality TV Shows (A-Z)
bhenderson79
Rickey Henderson's Hall of Fame Teammates
pecheneg
Champions League XIs: Arsenal
pecheneg
Quick Pick: Celebrities in WWE's Hall of Fame
aduchscher
A-Z Keypad Blitz II
pecheneg
Multiple Oscar Actors
pecheneg
Mystery Phrase Blitz: Oscar 'Best Actors'
pecheneg
F. Scott Fitzgerald Novels
LTH
Pick 3 Villains
ddd62291
Trending Topics
Marvel
NBA
Disney
Anime
Harry Potter
Kpop
Crossword
Song
Soccer
Pokémon
The Office
NFL
WWE
Puzzle
Country
Your Account Isn't Verified!
In order to create a playlist on Sporcle, you need to verify the email address you used during registration. Go to your
Sporcle Settings
to finish the process.
Report this User
Report this user for behavior that violates our
Community Guidelines
.
Details:
Send Report
Go to the Sporcle.com Mobile Site →
Comments